| 000 | 00535nam a22002057a 4500 | ||
|---|---|---|---|
| 003 | OSt | ||
| 005 | 20161013185540.0 | ||
| 008 | 161013b xxu||||| |||| 00| 0 eng d | ||
| 020 | _a0838584438 | ||
| 040 | _cDMLN | ||
| 082 | _aQT104 G157r 1997 | ||
| 100 |
_aGanong, William F. _9795 |
||
| 245 | _aReview of Medical Physiology | ||
| 250 | _a18th ed. | ||
| 260 | _aStamford; Appleton &Lange, 1997 | ||
| 300 | _axiv,829p; ill: 25cm | ||
| 504 | _aAnswers, & index included | ||
| 650 |
_aMedical Physiology _9800 |
||
| 942 |
_2z _cO_SHELF |
||
| 999 |
_c5353 _d5353 |
||